| 000 | 01264nam a2200265 i 4500 | ||
|---|---|---|---|
| 003 | EG-ScBUE | ||
| 005 | 20231112104230.0 | ||
| 008 | 100620n199u le f 000 0b ara d | ||
| 040 |
_aEG-ScBUE _bara _erda _cEG-ScBUE _dEG-ScBUE |
||
| 043 | _ae-fr--- | ||
| 082 | 0 | 4 |
_222 _bط هـ ط _a914.4 |
| 100 | 1 |
_aطهطاوي، رفاعة رافع، _d1216-1290 هـ. _eمؤلف. |
|
| 245 | 1 | 0 |
_aمن أدب الرحلات : _bتخليص الإبريز إلى تلخيص باريز، أو، الديوان النفيس بإيوان باريس / _c.رحلة العالم العلامة المشارك النحرير الفهامة المرحوم رفاعة بك بدوي رافع الطهطاوي |
| 246 | 3 | 3 | _aديوان النفيس بإيوان باريس |
| 250 | _aالطبعة الأولى. | ||
| 264 | 1 |
_aبيروت : _bدار ابن زيدون ؛ _aالقاهرة : _bمكتبة الكليات الأزهرية، _c[199-؟] |
|
| 300 |
_a335 صفحة ؛ _c22 سم |
||
| 336 |
_2rdacontent _aنص _btxt |
||
| 337 |
_aبدون وسيط _2rdamedia _bn |
||
| 338 |
_aمجلد _bnc _2rdacarrier |
||
| 541 |
_aعلاء عبد الغني ؛ _cإهداء ؛ |
||
| 651 | 7 |
_914918 _aفرنسا _vوصف ورحلات. _2BUEsh |
|
| 655 | _vReading book | ||
| 942 |
_2ddc _cBB |
||
| 999 |
_c14130 _d14130 |
||